Ballon d'Or - classement 2022 - Statistiques

Statistiques générales
  • Ce quiz a été pris 56 fois
  • Le résultat moyen est 27 sur 30
Statistiques - réponses
Poste Club Nationalité Rang Réponse % Correct
Attaquant Real Madrid France 1 Karim Benzema
100%
Attaquant Paris Saint-Germain France 6 Kylian Mbappé
100%
Attaquant Liverpool Egypte 5 Mohamed Salah
100%
Attaquant FC Barcelone Pologne 4 Robert Lewandowski
100%
Attaquant Manchester City Norvège 10 Erling Haaland
98%
Milieu Manchester City Belgique 3 Kevin De Bruyne
98%
Milieu Real Madrid Croatie 9 Luka Modrić
98%
Attaquant Liverpool Sénégal 2 Sadio Mané
98%
Gardien Real Madrid Belgique 7 Thibaut Courtois
98%
Attaquant Real Madrid Brésil 8 Vinícius Júnior
98%
Attaquant Manchester United Portugal 20 Cristiano Ronaldo
96%
Attaquant Tottenham Angleterre 21 Harry Kane
96%
Attaquant Tottenham Corée du Sud 11 Son Heung-min
96%
Milieu Manchester City Algérie 12 Riyad Mahrez
94%
Défenseur Real Madrid Allemagne 30 Antonio Rüdiger
93%
Gardien Milan AC France 26 Mike Maignan
91%
Défenseur Liverpool Pays Bas 16 Virgil van Dijk
91%
Milieu Manchester City Portugal 24 Bernardo Silva
85%
Milieu Manchester City Angleterre 23 Phil Foden
85%
Attaquant Milan AC Portugal 15 Rafael Leão
85%
Milieu Manchester United Brésil 17 Casemiro
83%
Attaquant Liverpool Colombie 19 Luis Díaz
83%
Milieu Bayern Munich Allemagne 25 Joshua Kimmich
81%
Attaquant RB Leipzig France 27 Christopher Nkunku
80%
Défenseur Liverpool Angleterre 22 Trent Alexander-Arnold
78%
Attaquant Liverpool Uruguay 28 Darwin Núñez
74%
Attaquant Juventus Serbie 18 Dušan Vlahović
74%
Attaquant Borussia Dortmund Côte d'Ivoire 13 Sébastien Haller
72%
Milieu Liverpool Brésil 14 Fabinho
69%
Défenseur Manchester City Portugal 29 João Cancelo
67%
Aucun quiz correspondant
Distribution des résultats
% des personnes avec chaque résultat
Percentile par nombre de réponses
Votre historique - résultats
Vous n’avez pas pris ce quiz